| 000 | 00610nam a2200193Ii 4500 | ||
|---|---|---|---|
| 003 | JO-AjNU | ||
| 008 | 230605s9999||||xx |||||||||||||| ||und|| | ||
| 040 |
_aJO-AjNU _bara _erda _cJO-AjNU |
||
| 041 | _aara | ||
| 050 | 1 | 4 | _aQA76.76 2010 |
| 100 | 3 |
_aمشلح ، مصطفى محمد, _eauthor _927903 |
|
| 245 | 0 | 0 | _aدورة في كتاب windows7 |
| 264 | 3 | 1 | _aسوريا:شعاع للنشر ،2010 |
| 300 | _a224ص | ||
| 336 |
_atext _btxt _2rdacontent |
||
| 337 |
_aunmediated _bn _2rdamedia |
||
| 338 |
_avolume _bnc _2rdacarrier |
||
| 650 | 4 |
_aالحاسبات الالكترونية-ويندوز _927904 |
|
| 999 |
_aA10758 _c14326 _d14326 |
||